| 000 | 00573aam a2200205 4500 | ||
|---|---|---|---|
| 001 | 7372 | ||
| 003 | Uk | ||
| 005 | 20250610153640.0 | ||
| 006 | m || d | | ||
| 007 | cr ||||||||||| | ||
| 008 | 040401s2004 enka ob 001 0 eng | ||
| 020 | _a086232869 | ||
| 082 | 0 | 4 | _a320.9591 SMI |
| 100 | 1 | _aSmith, Martin. | |
| 245 | 1 | 0 |
_aBurma : _b insurgency and the politics of ethnicity. |
| 260 |
_aCalifornia : _bStanford University press, _c1988. |
||
| 300 |
_axvii, 482 p. : _bill, : _c27 cm. |
||
| 504 | _aIncludes bibliographical references and index. | ||
| 942 |
_2ddc _cMAIN |
||
| 999 |
_c10349 _d10350 |
||